[Event "Wroclaw op"]
[Site "Wroclaw"]
[Date "2018.08.03"]
[Round "7"]
[White "Zhuck, Sergei"]
[Black "Strzelecki, Maciej"]
[Result "0-1"]
[WhiteElo "2300"]
[BlackElo "1911"]
[PlyCount "78"]
[EventDate "2018.07.30"]
[EventType "swiss"]
[EventRounds "9"]
[EventCountry "POL"]
[SourceTitle "CBM 185 Extra"]
[Source "ChessBase"]
[SourceDate "2018.07.29"]
[SourceVersion "1"]
[SourceVersionDate "2018.07.29"]
[SourceQuality "1"]

1. d4 Nf6 2. c4 e6 3. Nc3 d5 4. cxd5 exd5 5. Bg5 Be7 6. e3 0-0 7. Bd3 h6 8. Bh4 b6 9. Nf3 Bb7 10. Bxf6 Bxf6 11. 0-0 c5 12. dxc5 bxc5 13. Rc1 Qe7 14. Re1 Nd7 15. Na4 Bc6 16. Bf5 Bxa4 17. Qxa4 Ne5 18. Nd2 Rab8 19. b3 Rb4 20. Qa5 g6 21. Bb1 Nd7 22. Qxa7 Qd6 23. Red1 Bb2 24. Rc2 Qc6 25. Qa5 Qb7 26. a3 Rb5 27. Qa4 Ra8 28. Qh4 Bg7 29. a4 Rb4 30. Qh3 Qc6 31. Nf3 Nf6 32. Ne5 Qb6 33. Ba2 Ne4 34. Nd7 Qd6 35. Rdc1 Ng5 36. Qg3 Qxd7 37. f3 Qe7 38. Rxc5 Qxe3+ 39. Kh1 Ne6 0-1

[Event "Wroclaw op"]
[Site "Wroclaw"]
[Date "2018.07.31"]
[Round "2"]
[White "Malecki, Rafal"]
[Black "Zhuck, Sergei"]
[Result "0-1"]
[WhiteElo "1994"]
[BlackElo "2300"]
[PlyCount "92"]
[EventDate "2018.07.30"]
[EventType "swiss"]
[EventRounds "9"]
[EventCountry "POL"]
[SourceTitle "CBM 185 Extra"]
[Source "ChessBase"]
[SourceDate "2018.07.29"]
[SourceVersion "1"]
[SourceVersionDate "2018.07.29"]
[SourceQuality "1"]

1. Nf3 Nf6 2. g3 d5 3. Bg2 c6 4. 0-0 Bf5 5. d3 h6 6. b3 e6 7. Bb2 Be7 8. c4 0-0 9. Nbd2 Nbd7 10. Re1 Bh7 11. Rc1 a5 12. cxd5 exd5 13. Bh3 Re8 14. Nf1 Bf8 15. Ne3 a4 16. bxa4 Qa5 17. Rb1 Bb4 18. Rf1 Qxa4 19. Nc2 Bf8 20. a3 Ra7 21. Qd2 Bg6 22. Rfe1 Bh5 23. Nfd4 c5 24. Nb5 Qxb5 25. Bxf6 Qc6 26. Bb2 d4 27. Bg2 Qa4 28. Ba1 b6 29. h3 Bg6 30. f4 Qa6 31. Bf3 Rc7 32. Rec1 Rcc8 33. Bg4 Rcd8 34. Rb3 Nf6 35. Bf3 Bf5 36. Rcb1 Rd6 37. g4 Be6 38. Rb5 Bd5 39. g5 Bxf3 40. exf3 Nd5 41. R5b3 Rde6 42. Re1 Rxe1+ 43. Nxe1 Bd6 44. Ng2 hxg5 45. fxg5 Qc8 46. g6 f6 0-1

[Event "Wroclaw op"]
[Site "Wroclaw"]
[Date "2018.07.31"]
[Round "3"]
[White "Zhuck, Sergei"]
[Black "Simon, Marek"]
[Result "1-0"]
[WhiteElo "2300"]
[BlackElo "1902"]
[PlyCount "55"]
[EventDate "2018.07.30"]
[EventType "swiss"]
[EventRounds "9"]
[EventCountry "POL"]
[SourceTitle "CBM 185 Extra"]
[Source "ChessBase"]
[SourceDate "2018.07.29"]
[SourceVersion "1"]
[SourceVersionDate "2018.07.29"]
[SourceQuality "1"]

1. c4 Nf6 2. Nc3 e6 3. e4 d5 4. e5 d4 5. exf6 dxc3 6. bxc3 Qxf6 7. d4 e5 8. Qe2 Be7 9. dxe5 Qg6 10. Qe3 Nc6 11. Ne2 Qe6 12. Nd4 Qxe5 13. Nxc6 Qxe3+ 14. Bxe3 bxc6 15. Be2 0-0 16. 0-0 Be6 17. Rab1 Rfb8 18. Rb3 Rxb3 19. axb3 Rb8 20. b4 a5 21. bxa5 Rb2 22. Ra1 Rxe2 23. a6 Rxe3 24. fxe3 Bc5 25. Kf2 Ba7 26. Rb1 Bb6 27. Rxb6 cxb6 28. a7 1-0

[Event "Minsk Bronstein Memorial op"]
[Site "Minsk"]
[Date "2017.02.19"]
[Round "10"]
[White "Zhuck, Sergei"]
[Black "Vashchilov, Sergey"]
[Result "1-0"]
[WhiteElo "2292"]
[BlackElo "2124"]
[PlyCount "57"]
[EventDate "2017.02.18"]
[EventType "swiss (rapid)"]
[EventRounds "10"]
[EventCountry "BLR"]
[SourceTitle "EXT 2018"]
[Source "ChessBase"]
[SourceDate "2017.10.13"]
[SourceVersion "1"]
[SourceVersionDate "2017.10.13"]
[SourceQuality "1"]

1. c4 c5 2. Nf3 Nf6 3. Nc3 Nc6 4. e3 d6 5. d4 cxd4 6. exd4 g6 7. d5 Nb8 8. Be2 Bg7 9. 0-0 0-0 10. Re1 Bg4 11. Nd4 Bxe2 12. Qxe2 Re8 13. Be3 Nbd7 14. Rad1 Rc8 15. b3 Ne5 16. f3 h5 17. Qd2 Nfd7 18. h3 Nc5 19. Qc2 a5 20. f4 Ned7 21. f5 Ne5 22. fxg6 fxg6 23. Ne4 e6 24. Nxc5 exd5 25. Nce6 Qd7 26. Nxg7 Qxg7 27. Nb5 Re6 28. Rxd5 Qe7 29. Nd4 1-0

[Event "Minsk Bronstein Memorial op"]
[Site "Minsk"]
[Date "2017.02.18"]
[Round "5"]
[White "Kochetkov, German"]
[Black "Zhuck, Sergei"]
[Result "1/2-1/2"]
[WhiteElo "2304"]
[BlackElo "2292"]
[PlyCount "90"]
[EventDate "2017.02.18"]
[EventType "swiss (rapid)"]
[EventRounds "10"]
[EventCountry "BLR"]
[SourceTitle "EXT 2018"]
[Source "ChessBase"]
[SourceDate "2017.10.13"]
[SourceVersion "1"]
[SourceVersionDate "2017.10.13"]
[SourceQuality "1"]

1. f4 Nf6 2. Nf3 c5 3. g3 Nc6 4. Bg2 d6 5. d3 g6 6. Nc3 Bg7 7. 0-0 0-0 8. e4 Bg4 9. h3 Bxf3 10. Qxf3 Nd7 11. f5 Rb8 12. Nd5 e6 13. Ne3 b5 14. Ng4 exf5 15. Nh6+ Bxh6 16. Bxh6 Re8 17. Qf2 Qf6 18. exf5 Nd4 19. fxg6 Qxf2+ 20. Rxf2 hxg6 21. Bd5 Nf5 22. Bf4 Nf6 23. Bc6 Re6 24. Bg2 Nh5 25. g4 Nxf4 26. gxf5 Ne2+ 27. Kh2 gxf5 28. Rxf5 Nd4 29. Rg5+ Rg6 30. Rxg6+ fxg6 31. c3 Nf5 32. Re1 b4 33. c4 Kg7 34. Bd5 Rf8 35. Re4 Rf6 36. Kg2 Kf8 37. Bc6 Ne7 38. Bd7 Kf7 39. d4 Nf5 40. dxc5 dxc5 41. Re5 Ra6 42. a4 bxa3 43. bxa3 Kf6 44. Rxc5 Rxa3 45. Bxf5 Ra6 1/2-1/2

[Event "Minsk Bronstein Memorial op"]
[Site "Minsk"]
[Date "2017.02.18"]
[Round "4"]
[White "Zhuck, Sergei"]
[Black "Maljush, Andrej"]
[Result "1/2-1/2"]
[WhiteElo "2292"]
[BlackElo "2286"]
[PlyCount "72"]
[EventDate "2017.02.18"]
[EventType "swiss (rapid)"]
[EventRounds "10"]
[EventCountry "BLR"]
[SourceTitle "EXT 2018"]
[Source "ChessBase"]
[SourceDate "2017.10.13"]
[SourceVersion "1"]
[SourceVersionDate "2017.10.13"]
[SourceQuality "1"]

1. c4 e6 2. Nc3 d5 3. d4 Nf6 4. cxd5 exd5 5. Bg5 Be7 6. e3 c6 7. Bd3 Nbd7 8. Qc2 Nf8 9. Nf3 Ne6 10. Bh4 h6 11. 0-0 g5 12. Bg3 Nd7 13. Be5 f6 14. Bg3 h5 15. h4 Ndf8 16. Rfe1 g4 17. Nd2 Kf7 18. Rad1 f5 19. Be5 Ng7 20. Bxg7 Kxg7 21. Bxf5 Bxh4 22. Bxc8 Rxc8 23. e4 Ng6 24. exd5 cxd5 25. Qb3 Bxf2+ 26. Kxf2 Qh4+ 27. Kg1 Rhf8 28. Nce4 dxe4 29. Nxe4 Rce8 30. d5 Rxe4 31. Rxe4 Qf2+ 32. Kh1 Qh4+ 33. Kg1 Qf2+ 34. Kh1 Nh4 35. Qc3+ Kg8 36. Qd2 Ng6 1/2-1/2

[Event "Palanga Baltija op-A"]
[Site "Palanga"]
[Date "2014.06.16"]
[Round "1"]
[White "Zhuck, Sergei"]
[Black "Pocius, Vaclovas"]
[Result "1-0"]
[WhiteElo "2301"]
[BlackElo "1765"]
[PlyCount "79"]
[EventDate "2014.06.16"]
[EventType "swiss"]
[EventRounds "9"]
[EventCountry "LTU"]
[SourceTitle "CBM 161 Extra"]
[Source "ChessBase"]
[SourceDate "2014.08.29"]
[SourceVersion "1"]
[SourceVersionDate "2014.08.29"]
[SourceQuality "1"]

1. c4 f5 2. Nf3 e6 3. g3 Nf6 4. Bg2 g6 5. 0-0 Bg7 6. d4 0-0 7. Nc3 d6 8. b3 Qe7 9. Ba3 Nc6 10. Rc1 e5 11. dxe5 Nxe5 12. c5 dxc5 13. Nd5 Nxf3+ 14. Bxf3 Qf7 15. Bxc5 Re8 16. Nxf6+ Qxf6 17. Qd5+ Kh8 18. Rfd1 c6 19. Qd2 Be6 20. e3 Red8 21. Qb4 Qf7 22. Bxa7 Rd7 23. Rxd7 Qxd7 24. Rd1 Bd5 25. Qc5 Bf8 26. Qc3+ Bg7 27. Qc5 Bf8 28. Qd4+ Bg7 29. Qb6 g5 30. Bxd5 cxd5 31. Qc5 Bf8 32. Qd4+ Bg7 33. Qxd5 Qxd5 34. Rxd5 Rxa7 35. Rd8+ Bf8 36. Rxf8+ Kg7 37. Rxf5 Rxa2 38. Rxg5+ Kf6 39. Rh5 Kg6 40. Re5 1-0

[Event "BLR-ch 78th"]
[Site "Minsk"]
[Date "2012.01.22"]
[Round "11"]
[White "Zhuck, Sergei"]
[Black "Teterev, Vitaly"]
[Result "1/2-1/2"]
[WhiteElo "2341"]
[BlackElo "2538"]
[PlyCount "146"]
[EventDate "2012.01.12"]
[EventType "tourn"]
[EventRounds "11"]
[EventCountry "BLR"]
[EventCategory "9"]
[SourceTitle "CBM 146 Extra"]
[Source "ChessBase"]
[SourceDate "2012.02.29"]
[SourceVersion "1"]
[SourceVersionDate "2012.02.29"]
[SourceQuality "1"]

1. c4 Nf6 2. Nc3 g6 3. g3 Bg7 4. Bg2 0-0 5. d4 d6 6. Nf3 Nc6 7. d5 Na5 8. b3 c6 9. Bb2 Bd7 10. 0-0 Rc8 11. Qd2 cxd5 12. cxd5 b5 13. Nd4 Qb6 14. e3 b4 15. Nce2 Nb7 16. Nf4 Nc5 17. Nd3 a5 18. Nxc5 Rxc5 19. e4 Rfc8 20. h3 e5 21. dxe6 fxe6 22. Qe3 e5 23. Nf3 Qb7 24. Rfe1 Rc2 25. Rab1 h6 26. Nd2 Bb5 27. Red1 R2c3 28. Qe1 Rc2 29. Qe3 R2c3 30. Qe1 Bd3 31. Bxc3 bxc3 32. Nc4 c2 33. Nxd6 cxb1Q 34. Nxb7 Qc2 35. Rd2 Qc1 36. Rd1 Qc3 37. Qe3 Ba6 38. Rd8+ Kh7 39. Rxc8 Qxc8 40. Nxa5 Bf8 41. Qb6 Kg7 42. b4 Nd7 43. Qe6 Bb5 44. Qd5 Ba4 45. b5 Qc7 46. Nc6 Nb6 47. Qxe5+ Qxe5 48. Nxe5 Bxb5 49. Bf1 Ba4 50. f4 Bc5+ 51. Kg2 Bd4 52. Nc4 Nd7 53. Bd3 Nc5 54. Bb1 Bd1 55. Nd6 Be2 56. e5 Nd3 57. a4 Ne1+ 58. Kh2 Nf3+ 59. Kg2 Nd2 60. Be4 Bf1+ 61. Kh2 Nxe4 62. Nxe4 Bb6 63. g4 Bd3 64. Nd6 Bc2 65. Kg3 Bxa4 66. h4 Bc7 67. Ne4 Bc6 68. Nf6 Bd8 69. g5 Be7 70. gxh6+ Kf7 71. h5 gxh5 72. Nxh5 Kg6 73. Nf6 Bxf6 1/2-1/2

[Event "BLR-ch 78th"]
[Site "Minsk"]
[Date "2012.01.19"]
[Round "8"]
[White "Kovalev, Vladislav"]
[Black "Zhuck, Sergei"]
[Result "1-0"]
[WhiteElo "2453"]
[BlackElo "2341"]
[PlyCount "45"]
[EventDate "2012.01.12"]
[EventType "tourn"]
[EventRounds "11"]
[EventCountry "BLR"]
[EventCategory "9"]
[SourceTitle "CBM 146 Extra"]
[Source "ChessBase"]
[SourceDate "2012.02.29"]
[SourceVersion "1"]
[SourceVersionDate "2012.02.29"]
[SourceQuality "1"]

1. e4 e5 2. Nf3 Nc6 3. d4 exd4 4. Nxd4 Bc5 5. Be3 Qf6 6. c3 Nge7 7. g3 0-0 8. Bg2 Ne5 9. 0-0 Rd8 10. Nd2 d6 11. h3 Bb6 12. Qe2 N5c6 13. Nb5 Rd7 14. Bxb6 axb6 15. f4 Nd8 16. Nc4 Qg6 17. g4 Nec6 18. b4 f6 19. Ne3 Qf7 20. Nd5 Ne6 21. Qc4 Nf8 22. Qb3 Rb8 23. Ndxc7 1-0

[Event "BLR-ch 78th"]
[Site "Minsk"]
[Date "2012.01.16"]
[Round "5"]
[White "Zhuck, Sergei"]
[Black "Grib, Roman"]
[Result "1/2-1/2"]
[WhiteElo "2341"]
[BlackElo "2303"]
[PlyCount "105"]
[EventDate "2012.01.12"]
[EventType "tourn"]
[EventRounds "11"]
[EventCountry "BLR"]
[EventCategory "9"]
[SourceTitle "CBM 146 Extra"]
[Source "ChessBase"]
[SourceDate "2012.02.29"]
[SourceVersion "1"]
[SourceVersionDate "2012.02.29"]
[SourceQuality "1"]

1. d4 d6 2. e4 e5 3. Nf3 Nc6 4. Nc3 Bg4 5. Bb5 exd4 6. Qxd4 Nge7 7. Qd3 a6 8. Ba4 b5 9. Bb3 Na5 10. Bg5 h6 11. Bh4 Qd7 12. 0-0 g5 13. Bg3 Bg7 14. Rad1 Nxb3 15. axb3 b4 16. Nd5 Nxd5 17. Qxd5 0-0 18. e5 Qb5 19. exd6 cxd6 20. Bxd6 Qxd5 21. Rxd5 Bxf3 22. gxf3 Rfc8 23. Rd2 a5 24. f4 Bxb2 25. fxg5 hxg5 26. f4 g4 27. f5 Kh7 28. Kg2 Rc6 29. Bg3 Rac8 30. Rff2 Kg7 31. Bh4 Bc3 32. Rde2 Bd4 33. Rf4 Rxc2 34. Rxg4+ Kh7 35. Rxc2 Rxc2+ 36. Kf3 Bh8 37. Bd8 Rc3+ 38. Ke4 Rxb3 39. Rh4+ Kg8 40. Rg4+ Kh7 41. Rh4+ Kg8 42. Rg4+ Kf8 43. Bxa5 Rb2 44. Kd5 Bc3 45. Kc5 Rxh2 46. Bxb4 Bxb4+ 47. Rxb4 Rf2 48. Rb6 Rxf5+ 49. Kd4 Kg7 50. Ke3 f6 51. Rb4 Kg6 52. Rf4 Ra5 53. Kf2 1/2-1/2

[Event "BLR-ch 78th"]
[Site "Minsk"]
[Date "2012.01.15"]
[Round "4"]
[White "Fedorov, Alexei"]
[Black "Zhuck, Sergei"]
[Result "1-0"]
[WhiteElo "2579"]
[BlackElo "2341"]
[PlyCount "59"]
[EventDate "2012.01.12"]
[EventType "tourn"]
[EventRounds "11"]
[EventCountry "BLR"]
[EventCategory "9"]
[SourceTitle "CBM 146 Extra"]
[Source "ChessBase"]
[SourceDate "2012.02.29"]
[SourceVersion "1"]
[SourceVersionDate "2012.02.29"]
[SourceQuality "1"]

1. e4 e5 2. Nf3 Nc6 3. Bb5 a6 4. Ba4 Nf6 5. 0-0 Be7 6. Re1 b5 7. Bb3 d6 8. c3 0-0 9. h3 Bb7 10. d4 Re8 11. Nbd2 Bf8 12. a3 h6 13. d5 Nb8 14. Nf1 c6 15. dxc6 Bxc6 16. Ng3 Nbd7 17. Bc2 Qc7 18. Nh2 Rad8 19. Ng4 d5 20. exd5 Nxd5 21. Qd3 e4 22. Rxe4 Nc5 23. Nxh6+ Kh8 24. Nxf7+ Kg8 25. Nh6+ Kh8 26. Rxe8 Nxd3 27. Rxd8 gxh6 28. Rxf8+ Kg7 29. Bxh6+ Kxh6 30. Bxd3 1-0

[Event "BLR-ch 78th"]
[Site "Minsk"]
[Date "2012.01.14"]
[Round "3"]
[White "Zhuck, Sergei"]
[Black "Bulanov, Dmitri"]
[Result "1/2-1/2"]
[WhiteElo "2341"]
[BlackElo "2387"]
[PlyCount "46"]
[EventDate "2012.01.12"]
[EventType "tourn"]
[EventRounds "11"]
[EventCountry "BLR"]
[EventCategory "9"]
[SourceTitle "CBM 146 Extra"]
[Source "ChessBase"]
[SourceDate "2012.02.29"]
[SourceVersion "1"]
[SourceVersionDate "2012.02.29"]
[SourceQuality "1"]

1. c4 e5 2. Nc3 Nf6 3. Nf3 Nc6 4. d4 exd4 5. Nxd4 Bb4 6. Bg5 Bxc3+ 7. bxc3 h6 8. Bh4 d6 9. e3 0-0 10. Qc2 Ne5 11. Be2 Ng6 12. Bg3 Re8 13. 0-0 Ne4 14. Rfd1 Qe7 15. Rac1 Nxg3 16. hxg3 Ne5 17. Rb1 Nd7 18. Bf3 Nc5 19. Nb3 c6 20. Rd4 a5 21. Qd2 a4 22. Nxc5 dxc5 23. Re4 Be6 1/2-1/2

[Event "RUS-Cup"]
[Site "Minsk"]
[Date "2000.??.??"]
[Round "6"]
[White "Zhuck, Sergei"]
[Black "Lutsko, Igor"]
[Result "1-0"]
[WhiteElo "2442"]
[BlackElo "2339"]
[PlyCount "51"]
[EventDate "2000.??.??"]
[EventType "swiss"]
[EventRounds "9"]
[EventCountry "BLR"]
[SourceTitle "EXT 2001"]
[Source "ChessBase"]
[SourceDate "2000.11.22"]
[SourceVersion "1"]
[SourceVersionDate "2000.11.22"]
[SourceQuality "1"]

1. c4 g6 2. Nf3 Bg7 3. g3 c5 4. Bg2 Nc6 5. 0-0 e5 6. Nc3 Nge7 7. d3 0-0 8. Ne1 f5 9. f4 a6 10. a4 Nb4 11. Nc2 Nxc2 12. Qxc2 d6 13. Nd5 Be6 14. fxe5 Bxd5 15. cxd5 Bxe5 16. a5 Kh8 17. Kh1 Ng8 18. Bd2 Nf6 19. Rae1 Ng4 20. Rf3 Qe7 21. Qc4 Rae8 22. b4 cxb4 23. Bxb4 Nxh2 24. Bxd6 Qxd6 25. Kxh2 Rc8 26. Qh4 1-0

[Event "RUS-Cup"]
[Site "Minsk"]
[Date "2000.??.??"]
[Round "2"]
[White "Zhuck, Sergei"]
[Black "Sikula, Vaszilij"]
[Result "1/2-1/2"]
[WhiteElo "2442"]
[BlackElo "2346"]
[PlyCount "132"]
[EventDate "2000.??.??"]
[EventType "swiss"]
[EventRounds "9"]
[EventCountry "BLR"]
[SourceTitle "EXT 2001"]
[Source "ChessBase"]
[SourceDate "2000.11.22"]
[SourceVersion "1"]
[SourceVersionDate "2000.11.22"]
[SourceQuality "1"]

1. c4 g6 2. Nf3 Bg7 3. g3 e5 4. Nc3 Nc6 5. Bg2 d6 6. d3 Nf6 7. 0-0 0-0 8. Rb1 a5 9. Bg5 h6 10. Bxf6 Bxf6 11. Nd2 Be6 12. a3 Qd7 13. Re1 Bg7 14. b4 axb4 15. axb4 Bh3 16. Bxh3 Qxh3 17. Nd5 Qd7 18. Ne4 f5 19. Nec3 f4 20. Kg2 g5 21. e3 f3+ 22. Kh1 g4 23. Nb5 Rac8 24. e4 Ne7 25. Nbc3 Nc6 26. Ne3 Nd4 27. Nb5 Ne2 28. Qb3 Kh7 29. Nf5 Rxf5 30. exf5 Qxf5 31. Qc2 Nxg3+ 32. fxg3 f2 33. Qe2 fxe1Q+ 34. Rxe1 Qg6 35. Qe4 Qxe4+ 36. dxe4 Bf8 37. Ra1 c6 38. Nc3 Kg6 39. Ra7 Rc7 40. Kg2 Kf7 41. Kf1 Ke6 42. Ke2 h5 43. Ra8 Rf7 44. Rb8 h4 45. gxh4 Be7 46. Rxb7 Rf3 47. Nd1 Rh3 48. Ne3 Rxh2+ 49. Kf1 Bxh4 50. Nxg4 Rc2 51. Ne3 Rf2+ 52. Kg1 Re2 53. Nf5 Bf6 54. Ng3 Rc2 55. b5 Rxc4 56. bxc6 Rxc6 57. Kg2 d5 58. exd5+ Kxd5 59. Rd7+ Ke6 60. Rd3 Bg5 61. Kf3 Rc1 62. Ne4 Be7 63. Ng3 Bc5 64. Rd8 Rc3+ 65. Kg2 Rc2+ 66. Kf3 Rf2+ 1/2-1/2